Se privilegia intereses petroleros y se posterga a poblaciones caribeñas. Manifiesto del taller efectuado en Suretka, Limón (1-12-99)
Guardado en:
| Formato: | Texto |
|---|---|
| Materias: | |
| Etiquetas: |
Agregar Etiqueta
Sin Etiquetas, Sea el primero en etiquetar este registro!
|
MARC
| LEADER | 00000 a a2200000 04500 | ||
|---|---|---|---|
| 001 | 582 | ||
| 003 | |||
| 040 | |||
| 245 | |a Se privilegia intereses petroleros y se posterga a poblaciones caribeñas. Manifiesto del taller efectuado en Suretka, Limón (1-12-99) | ||
| 650 | |a PETROLEO | ||
| 650 | |a INDUSTRIA PETROLERA | ||
| 650 | |a CARIBE | ||
| 650 | |a RECURSOS PETROLIFER0S | ||
| 650 | |a EXPLOTACION DE RECURSOS | ||
| 773 | |g número 78; páginas 16-17 | ||
| 999 | |c 38376 |d 38376 | ||
